Cuenta pública: volcando la mirada a la primera milla. Marzo-Diciembre 2014
में बचाया:
| निगमित लेखक: | |
|---|---|
| स्वरूप: | पुस्तक |
| भाषा: | स्पेनिश |
| प्रकाशित: |
Santiago
Subsecretaría de Pesca y Acuicultura
2014
|
| संस्करण: | 1a. ed |
| विषय: | |
| टैग: |
टैग जोड़ें
कोई टैग नहीं, इस रिकॉर्ड को टैग करने वाले पहले व्यक्ति बनें!
|
MARC
| LEADER | 00000cam a2200000 a 4500 | ||
|---|---|---|---|
| 001 | UCD0504 | ||
| 003 | CL-VaPUC | ||
| 008 | 151204e20140000cl |||||||||||||||||spa|d | ||
| 082 | 0 | 4 | |a 338.3720 |b SUB |2 21 |
| 110 | 2 | |a Subsecretaría de Pesca y Acuicultura |e author |9 583471 | |
| 245 | 1 | 0 | |a Cuenta pública: volcando la mirada a la primera milla. Marzo-Diciembre 2014 |
| 250 | |a 1a. ed | ||
| 300 | |a 59 p | ||
| 942 | |c BK | ||
| 945 | |d 20151204 12:43:00 |a dcastane | ||
| 260 | |a Santiago |b Subsecretaría de Pesca y Acuicultura |c 2014 | ||
| 650 | 0 | |a Industria pesquera |9 255432 | |
| 650 | 7 | |a INFORMES DE GESTION |2 CL-VaPUC |9 312822 | |
| 583 | |a last modification |c 20151204 12:43:00 |k Rodrigo Vera | ||
| 999 | |c 362006 |d 362004 | ||